| 000 | 00531nam a2200181Ia 4500 | ||
|---|---|---|---|
| 008 | 240925s9999 xx 000 0 und d | ||
| 020 | _a135840465 | ||
| 082 | _a004.165 STE | ||
| 100 | _aStewart ,James W. | ||
| 245 | 4 | _aThe 8051 Microcontroller: hardware,software and interfacing | |
| 250 | _aNA | ||
| 260 |
_aNew Jersey: _bPrintice- Hall Int. _c,1993. |
||
| 300 |
_ali,1611p. _bNA _fOriginal |
||
| 500 | _aIncludes Index | ||
| 600 | _aComputer Science | ||
| 650 | _aComputer science, information & general works | ||
| 942 | _cBK | ||
| 999 |
_c6120 _d6120 |
||